Plan your career /

Where are you now? Where do you want to be? How will you get there? What skills will you need?

Zapisane w:
Opis bibliograficzny
1. autor: Lockett, John.
Format: Książka
Język:English
Wydane: London : Orion Business, 1999.
Hasła przedmiotowe:
Etykiety: Dodaj etykietę
Nie ma etykietki, Dołącz pierwszą etykiete!
Thư viện lưu trữ: Mạng thư viện Đại học Đà Nẵng
LEADER 00864cam a2200325 i 4500
001 000047540
003 7226
005 20030310092923.0
008 010324|1999 vm 000 eng
020 |a 0752820796 
040 |a IRC  |c IRC  |d IRC 
041 0 |a eng 
082 1 4 |a 650.1  |b LO-J 
100 1 |a Lockett, John. 
245 0 0 |a Plan your career /  |c John Lockett. 
260 |a London :  |b Orion Business,  |c 1999. 
300 |a 216 p. ;  |c 20cm. 
520 3 |a Where are you now? Where do you want to be? How will you get there? What skills will you need? 
630 0 4 |a Career development. 
650 0 4 |a Career development. 
OWN |a DUT 
999 |a From the UDN01 
TYP |a Monograph 
TYP |a Printed language 
980 |a Mạng thư viện Đại học Đà Nẵng